Języki urzędowe tych krajów (Europa) - Statystyki

Ogólne statystyki
  • Ten quiz został rozwiązany 137 razy
    98 od ostatniego zresetowania
  • Średni wynik to 39 z 45
Statystyki odpowiedzi
Państwo Język % Poprawnych
Niemcy Niemiecki
100%
Polska Polski
100%
Francja Francuski
94%
Holandia Holenderski
94%
Czechy Czeski
93%
Luksemburg Francuski / Niemiecki / Luksemburski
93%
Hiszpania Hiszpański
93%
Belgia Holenderski / Francuski / Niemiecki
93%
Portugalia Portugalski
93%
Rosja Rosyjski
93%
Słowacja Słowacki
93%
Ukraina Ukraiński
93%
Białoruś Białoruski / Rosyjski
92%
Wielka brytania Angielski / Szkocki / Walijski / Irlandzki
90%
Grecja Grecki
90%
Liechtenstein Niemiecki
90%
Austria Niemiecki
90%
Szwajcaria Niemiecki / Francuski / Włoski / Romansz
90%
Węgry Węgierski
90%
Włochy Włoski
90%
Bułgaria Bułgarski
89%
Irlandia Irlandzki / Angielski
89%
Rumunia Rumuński
89%
Szwecja Szwedzki
89%
Watykan Włoski / Łaciński
89%
Albania Albański
88%
Chorwacja Chorwacki
88%
Dania Duński
88%
Estonia Estoński
88%
Norwegia Norweski
88%
San marino Włoski
88%
Litwa Litewski
86%
Słowenia Słoweński
86%
Monako Francuski
83%
Serbia Serbski
83%
Finlandia Fiński / Szwedzki
82%
Islandia Islandzki
82%
Łotwa Łotewski
81%
Macedonia Macedoński
79%
Malta Maltański / Angielski
78%
Czarnogóra Czarnogórski / Serbski
72%
Bośnia i Hercegowina Bośniacki
68%
Mołdawia Rumuński / Rusiński
68%
Kosowo Serbski / Albański
67%
Andora Kataloński
46%
Nie znaleziono quizów pasujących do podanych kryteriów
Rozkład punktacji
Procent ludzi z każdym wynikiem
Percentyl według liczby udzielonych odpowiedzi
Twoja historia wyników
Nie rozwiązałeś tego quizu od ostatniego zresetowania